| 000 | 00914nam a2200301Ia 4500 | ||
|---|---|---|---|
| 003 | OSt | ||
| 005 | 20220916110925.0 | ||
| 006 | a|||||r|||| 00| 0 | ||
| 007 | ta | ||
| 008 | 220915b |||||||| |||| 00| 0 eng d | ||
| 020 | _a978019560492 (pbk) | ||
| 024 | _a501 | ||
| 037 | _b427, 19/03/2008, Swaraj Prakashan | ||
| 037 | _cTextbook | ||
| 040 |
_beng _aARTS _cARTS |
||
| 041 | _aeng | ||
| 082 | _aY33.2g, P5(TTY) | ||
| 100 | _aSivaramakrishnan K. C. | ||
| 245 | 0 | _aHandbook of urbanization in India : an analysis of trends and processes | |
| 250 | _a2nd | ||
| 260 |
_aNew Delhi _b Oxford University Press India |
||
| 300 |
_axv, 195p. _ccm. |
||
| 650 | _aSociology | ||
| 700 | _a B.N. Singh | ||
| 700 | _a Kundu Amitabh | ||
| 942 |
_hY33.2g, P5(TTY) _cTB _2CC |
||
| 999 |
_c101530 _d101530 |
||